Introduction to engineering mechanics (Record no. 17563)

000 -LEADER
fixed length control field 00597nam a22002051 4500
001 - CONTROL NUMBER
control field 17563
003 - CONTROL NUMBER IDENTIFIER
control field BD-DhUET
008 - FIXED-LENGTH DATA ELEMENTS--GENERAL INFORMATION
fixed length control field 100604s1961 maua b 000 0 eng
040 ## - CATALOGING SOURCE
Original cataloging agency DLC
Transcribing agency DLC
Modifying agency BD-DhUET
082 ## - DEWEY DECIMAL CLASSIFICATION NUMBER
Classification number 620.1
Item number HUD/1961
100 ## - MAIN ENTRY--PERSONAL NAME
Personal name Huddleston, John V.
245 10 - TITLE STATEMENT
Title Introduction to engineering mechanics
250 ## - EDITION STATEMENT
Edition statement 1st ed.
260 ## - PUBLICATION, DISTRIBUTION, ETC. (IMPRINT)
Place of publication, distribution, etc. Massachusetts
Name of publisher, distributor, etc. Addison-Wesley Publishing
Date of publication, distribution, etc. 1961
300 ## - PHYSICAL DESCRIPTION
Extent xii, 493 p.
Other physical details ill.
Dimensions 24 cm.
490 0# - SERIES STATEMENT
Series statement Addison-Wesley series in the engineering sciences
504 ## - BIBLIOGRAPHY, ETC. NOTE
Bibliography, etc Includes bibliographies
650 #0 - SUBJECT ADDED ENTRY--TOPICAL TERM
Topical term or geographic name as entry element Engineering mechanics
942 ## - ADDED ENTRY ELEMENTS (KOHA)
Koha item type General Book
Holdings
Piece designation (barcode) Koha normalized classification for sorting Koha date last seen Koha item type Damaged status Copy number Location (home branch) Not for loan Withdrawn status Price effective from Source of classification or shelving scheme Koha full call number Shelving location Date acquired Lost status Sublocation or collection (holding branch)
10262620_100000000000000_HUD_19612015-03-24General Book 1Central Library, BUET  2015-03-24 620.1/HUD/1961Circulation section2015-03-24 Central Library, BUET
38774620_100000000000000_HUD_19612015-03-24General Book 2Central Library, BUET  2015-03-24 620.1/HUD/1961Circulation section2015-03-24 Central Library, BUET
10263620_100000000000000_HUD_19612015-03-24General Book 3Central Library, BUET  2015-03-24 620.1/HUD/1961Circulation section2015-03-24 Central Library, BUET
28806620_100000000000000_HUD_19612015-03-24General Book 4Central Library, BUET  2015-03-24 620.1/HUD/1961Circulation section2015-03-24 Central Library, BUET
9235620_100000000000000_HUD_19612015-03-24General Book 5Central Library, BUET  2015-03-24 620.1/HUD/1961Circulation section2015-03-24 Central Library, BUET
9261620_100000000000000_HUD_19612015-03-24General Book 6Central Library, BUET  2015-03-24 620.1/HUD/1961Cataloging to Circulation2015-03-24 Central Library, BUET
37760620_100000000000000_HUD_19612015-03-24General Book 8Central Library, BUET  2015-03-24 620.1/HUD/1961Circulation section2015-03-24 Central Library, BUET
84383620_100000000000000_HUD_19612015-03-28General Book 7Central Library, BUET  2015-03-28 620.1/HUD/1961Circulation section2015-03-28 Central Library, BUET